00494 2200193 4500001002100000005001500021035002000036245005200056100001700108250000700125300003400132700001600166260004500182082000800227084001400235020002200249600001700271990001200288INLIS00000000000335420260211085542 a0010-02260000201 aENSIKLOPEDIA BAHASA INDONESIA 1 /cMeilany, S.S0 aMeilany, S.S aVI a148 hlm :bilus ;c21 x 30 cm0 aWeni Rahayu aJakarta :bPT. Mediantara Semesta,c2020 a903 a903 MEI e a978-602-8489-37-9 4aMeilany, S.S a0750979